The origins of digital computers : selected papers /

Bibliographic Details
Other Authors: Randell, Brian, 1936-
Format: Book
Language:English
Published: Berlin ; New York : Springer-Verlag, 1982.
Edition:3rd ed.
Series:Texts and monographs in computer science.
Subjects:

MARC

Tag First Indicator Second Indicator Subfields
LEADER 00000cam a22000008a 4500
001 in00000098080
005 20150924085539.0
008 811209s1982 wb a b 00100 eng
010 |a  81021483  
020 |a 3540113193 (Berlin) 
020 |a 0387113193 (U.S.) 
035 |a (OCoLC)08051993 
035 |9 AAK9445AM 
039 0 |a 2  |b 3  |c 3  |d 3  |e 3 
040 |a DLC  |c DLC  |d TXA  |d UtOrBLW 
049 |a TXAM  |c [1443419] 
050 0 0 |a TK7885 A5  |b  O74 1982 
082 0 |a 621.3819/58/09  |2 19 
245 0 4 |a The origins of digital computers :  |b selected papers /  |c edited by Brian Randell. 
250 |a 3rd ed. 
263 |a 8203 
264 1 |a Berlin ;  |a New York :  |b Springer-Verlag,  |c 1982. 
300 |a xvi, 580 pages :  |b illustrations ;  |c 24 cm. 
336 |a text  |b txt  |2 rdacontent 
337 |a unmediated  |b n  |2 rdamedia 
338 |a volume  |b nc  |2 rdacarrier 
490 1 |a Texts and monographs in computer science 
500 |a Includes indexes. 
504 |a Bibliography: pages 431-544. 
650 0 |a Electronic digital computers  |x History. 
650 0 |a Calculators  |x History. 
700 1 |a Randell, Brian,  |d 1936- 
830 0 |a Texts and monographs in computer science. 
999 |a MARS 
999 f f |s 8c195691-c009-38cf-8542-1b3329034590  |i aaac8e0c-fae7-3308-9e5a-f7a51e4dcf53  |t 0 
952 f f |p ric  |a Texas A&M University  |b Rellis Campus  |c Joint Library Facility  |d Remote Storage  |t 0  |e TK7885 A5 O74 1982  |h Library of Congress classification  |i unmediated -- volume  |m A14806025259 
998 f f |a TK7885 A5 O74 1982  |t 0  |l Remote Storage